Normal view
MARC view
- Thompson Joe F
Entry Personal Name
001 - CONTROL NUMBER
- control field: 1382
003 - CONTROL NUMBER IDENTIFIER
- control field: NUST
005 - DATE AND TIME OF LATEST TRANSACTION
- control field: 20170523155759.0
008 - FIXED-LENGTH DATA ELEMENTS
- fixed length control field: 170523|| aca||aabn | a|a d
040 ## - CATALOGING SOURCE
- Original cataloging agency: NUST
- Transcribing agency: NUST
100 ## - HEADING--PERSONAL NAME
- Personal name: Thompson Joe F
670 ## - SOURCE DATA FOUND
- Source citation: Work cat.: (NUST)23808: Thompson Joe F, Numerical Grid Generation Foundations and Applications , cMay 1985
